书目信息 |
| 题名: |
电场及磁场问题的分析与计算
|
|
| 作者: | 宾斯 , Binns , 劳伦松 , Lawrenson 著 ;余世杰 , 陶民生 译 | |
| 分册: | ||
| 出版信息: | 北京 人民教育出版社 1980 |
|
| 页数: | 253页 | |
| 开本: | 25cm | |
| 丛书名: | ||
| 单 册: | ||
| 中图分类: | TM15 | |
| 科图分类: | ||
| 主题词: | 电场 , 磁场 | |
| 电子资源: | ||
| ISBN: | ||
| 000 | 01083nam0 2200325 45 | |
| 001 | 0180006419 | |
| 005 | 20060820153220.14 | |
| 010 | @dCNY1.40 | |
| 091 | @a15012.0258 | |
| 100 | @a19950615d1980 emky0chiy0121 ea | |
| 101 | 1 | @achi@ceng |
| 102 | @aCN@b110000 | |
| 105 | @ay z 000yy | |
| 200 | 10 | @a电场及磁场问题的分析与计算@Adian chang ji ci chang wen ti de fen xi yu ji suan@f(英)宾斯(K.J.Binns),(英)劳伦松(P.J.Lawrenson)著@g余世杰,陶民生译 |
| 210 | @a北京@c人民教育出版社@d1980@h1981印 | |
| 215 | @a253页@d25cm | |
| 300 | @a书名原文:Analysis and Computation of Electric and Magnetic Field Problems | |
| 510 | 1 | @aAnalysis and Computation of Electric and Magnetic Field Problems@zeng |
| 606 | @a电场 | |
| 606 | @a磁场 | |
| 690 | @aTM15@v3 | |
| 701 | 1 | @a宾斯@Abin si@bK.J.@4著 |
| 701 | A1 | @aBinns@bK.J.@4著 |
| 701 | 1 | @a劳伦松@Alao lun song@bP.J.@4著 |
| 701 | A1 | @aLawrenson@bP.J.@4著 |
| 702 | 0 | @a余世杰@Ayu shi jie@4译 |
| 702 | 0 | @a陶民生@Atao min sheng@4译 |
| 801 | 0 | @aCN@bTSSF@c20060820 |
| 801 | 2 | @aCN@bNLC@c20060725 |
| 905 | @a10447@dTM15@e2 | |
| 电场及磁场问题的分析与计算/(英)宾斯(K.J.Binns),(英)劳伦松(P.J.Lawrenson)著/余世杰,陶民生译.-北京:人民教育出版社,1980(1981印) |
| 253页;25cm |
| 书名原文:Analysis and Computation of Electric and Magnetic Field Problems |
| ISBN :CNY1.40 |
| ● |
| 相关链接 |
|
|
|
|
正题名:电场及磁场问题的分析与计算
索取号:TM15/2
 
预约/预借
| 序号 | 登录号 | 条形码 | 馆藏地/架位号 | 状态 | 备注 |
| 1 | 0437302 | 204373025 | 密集书库/ [索取号:TM15/2] | 在馆 | |
| 2 | 0437810 | 204378100 | 密集书库/ [索取号:TM15/2] | 在馆 | |
| 3 | 0438442 | 204384424 | 密集书库/ [索取号:TM15/2] | 在馆 | |
| 4 | 0470447 | 204704472 | 密集书库/ [索取号:TM15/2] | 在馆 | |
| 5 | 0470448 | 204704481 | 密集书库/ [索取号:TM15/2] | 在馆 |